[Event "BRA-ch Amateur U1600"]
[Site "Sao Paulo"]
[Date "2019.06.20"]
[Round "1"]
[White "Felippe E Silva, Glenda"]
[Black "Gomes, Genildo de Souza"]
[Result "0-1"]
[WhiteElo "1223"]
[BlackElo "1559"]
[PlyCount "50"]
[EventDate "2019.06.20"]
[EventType "swiss"]
[EventRounds "7"]
[EventCountry "BRA"]
[SourceTitle "CBM 195 Extra"]
[Source "ChessBase"]
[SourceDate "2020.05.31"]
[SourceVersion "1"]
[SourceVersionDate "2020.05.31"]
[SourceQuality "1"]

1. d4 d5 2. Nf3 Nf6 3. Bf4 e6 4. e3 Bd6 5. Bxd6 cxd6 6. Be2 0-0 7. 0-0 Nc6 8. c3 Qc7 9. Nbd2 a6 10. a3 e5 11. dxe5 dxe5 12. Re1 Rd8 13. Rc1 h6 14. h3 Be6 15. Nb3 Qb6 16. Nfd2 Ne4 17. Nxe4 dxe4 18. Qc2 Bxb3 19. Qxe4 Rd6 20. Bd3 Rg6 21. Re2 Rd8 22. Bc2 Bd5 23. Qh4 Rxg2+ 24. Kf1 Rh2 25. Be4 Bxe4 0-1

[Event "BRA-ch Amateur U1600"]
[Site "Sao Paulo"]
[Date "2018.05.31"]
[Round "1"]
[White "Borges, Leonardo Hisao Hera"]
[Black "Felippe E Silva, Glenda"]
[Result "1-0"]
[WhiteElo "1546"]
[BlackElo "1269"]
[PlyCount "60"]
[EventDate "2018.05.31"]
[EventType "swiss"]
[EventRounds "7"]
[EventCountry "BRA"]
[SourceTitle "EXT 2021"]
[Source "ChessBase"]
[SourceDate "2020.10.23"]
[SourceVersion "1"]
[SourceVersionDate "2020.10.23"]
[SourceQuality "1"]

1. Nf3 d5 2. g3 Nf6 3. Bg2 e6 4. 0-0 Bd6 5. d4 0-0 6. c4 c6 7. Nc3 Nbd7 8. Qc2 h6 9. e4 Re8 10. e5 Be7 11. exf6 Nxf6 12. Re1 a6 13. a4 b6 14. Ne5 Bb7 15. Be3 b5 16. cxb5 axb5 17. axb5 cxb5 18. Nxb5 Rc8 19. Nc3 Ne4 20. Qd3 Bb4 21. Rec1 Qf6 22. Nxe4 dxe4 23. Bxe4 Bxe4 24. Qxe4 Bd6 25. Rxc8 Rxc8 26. Rc1 Rxc1+ 27. Bxc1 Qd8 28. Qg4 Qf6 29. Nd7 Qg6 30. Qxg6 fxg6 1-0

[Event "Sao Paulo Hebraica op 19th"]
[Site "Sao Paulo"]
[Date "2015.01.09"]
[Round "2"]
[White "Yoshioka, Andre"]
[Black "Felippe E Silva, Glenda"]
[Result "1-0"]
[WhiteElo "1718"]
[BlackElo "1282"]
[PlyCount "37"]
[EventDate "2015.01.08"]
[EventType "swiss"]
[EventRounds "6"]
[EventCountry "BRA"]
[SourceTitle "CBM 164 Extra"]
[Source "ChessBase"]
[SourceDate "2015.03.02"]
[SourceVersion "1"]
[SourceVersionDate "2015.03.02"]
[SourceQuality "1"]

1. d4 d5 2. c4 e6 3. Nc3 Nf6 4. cxd5 Nxd5 5. e4 Nf6 6. Bg5 Be7 7. Nf3 0-0 8. Bc4 c6 9. 0-0 Nbd7 10. Bb3 c5 11. e5 Ng4 12. Bxe7 Qxe7 13. h3 cxd4 14. Qxd4 Nh6 15. Bc2 f6 16. Rad1 Nf5 17. Bxf5 exf5 18. Rfe1 b6 19. Qd5+ 1-0

[Event "Sao Paulo Hebraica op 19th"]
[Site "Sao Paulo"]
[Date "2015.01.08"]
[Round "1"]
[White "Felippe E Silva, Glenda"]
[Black "Pastana, Rafael Pedroni"]
[Result "0-1"]
[WhiteElo "1282"]
[BlackElo "1958"]
[PlyCount "28"]
[EventDate "2015.01.08"]
[EventType "swiss"]
[EventRounds "6"]
[EventCountry "BRA"]
[SourceTitle "CBM 164 Extra"]
[Source "ChessBase"]
[SourceDate "2015.03.02"]
[SourceVersion "1"]
[SourceVersionDate "2015.03.02"]
[SourceQuality "1"]

1. d4 Nf6 2. Nf3 g6 3. Bg5 Bg7 4. e3 0-0 5. Bd3 d6 6. 0-0 Nbd7 7. Nbd2 c6 8. c3 Qc7 9. Qb3 e5 10. Be4 d5 11. Bxf6 Bxf6 12. Bxd5 cxd5 13. Qxd5 Nb6 14. Qe4 Bf5 0-1

[Event "Sao Paulo Braga Memorial 3rd"]
[Site "Sao Paulo"]
[Date "2014.12.12"]
[Round "2"]
[White "Nunes, Adilson"]
[Black "Felippe E Silva, Glenda"]
[Result "1-0"]
[WhiteElo "1713"]
[BlackElo "1325"]
[PlyCount "85"]
[EventDate "2014.12.12"]
[EventType "swiss"]
[EventRounds "6"]
[EventCountry "BRA"]
[SourceTitle "EXT 2016"]
[Source "ChessBase"]
[SourceDate "2015.10.08"]
[SourceVersion "1"]
[SourceVersionDate "2015.10.08"]
[SourceQuality "1"]

1. d4 d5 2. Nf3 Nf6 3. e3 Bf5 4. Bd3 Bg6 5. 0-0 e6 6. c3 Bxd3 7. Qxd3 Nbd7 8. Nbd2 Be7 9. e4 c6 10. e5 Nh5 11. Qe3 0-0 12. g4 Nhf6 13. exf6 Nxf6 14. h3 Bd6 15. Ne5 Nd7 16. f4 Rc8 17. Ndf3 c5 18. Nxd7 Qxd7 19. Ne5 Qe7 20. Kg2 Qh4 21. Qg3 Qxg3+ 22. Kxg3 cxd4 23. cxd4 Rc2 24. Rf2 Rfc8 25. Be3 f6 26. Nd3 Rxf2 27. Nxf2 e5 28. Nd3 Rc2 29. fxe5 fxe5 30. dxe5 Be7 31. Rc1 Re2 32. Kf3 Rh2 33. Rc8+ Kf7 34. Nf2 Bh4 35. Rc7+ Kg6 36. e6 Bxf2 37. Bxf2 Rxh3+ 38. Kg2 Rh6 39. Rxb7 Kf6 40. Rxa7 Kxe6 41. Ra6+ Ke5 42. Rxh6 gxh6 43. Be3 1-0

[Event "Sao Paulo Big Fun op"]
[Site "Sao Paulo"]
[Date "2014.09.27"]
[Round "4"]
[White "Felippe E Silva, Glenda"]
[Black "Ricieri, Vanilda De Andrade"]
[Result "1/2-1/2"]
[WhiteElo "1800"]
[BlackElo "1410"]
[PlyCount "28"]
[EventDate "2014.09.25"]
[EventType "swiss"]
[EventRounds "6"]
[EventCountry "BRA"]
[SourceTitle "CBM 162 Extra"]
[Source "ChessBase"]
[SourceDate "2014.10.17"]
[SourceVersion "1"]
[SourceVersionDate "2014.10.17"]
[SourceQuality "1"]

1. d4 Nf6 2. Nf3 g6 3. Bf4 d6 4. Nbd2 Bg7 5. e3 0-0 6. Bd3 Nbd7 7. c3 Nb6 8. 0-0 Bd7 9. a3 a6 10. Re1 Re8 11. Ne4 Nxe4 12. Bxe4 Rb8 13. Bd3 Nd5 14. Bg3 Nf6 1/2-1/2

[Event "Sao Paulo Big Fun op"]
[Site "Sao Paulo"]
[Date "2014.09.27"]
[Round "3"]
[White "Yoshioka, Hugo"]
[Black "Felippe E Silva, Glenda"]
[Result "1-0"]
[WhiteElo "1481"]
[BlackElo "1800"]
[PlyCount "77"]
[EventDate "2014.09.25"]
[EventType "swiss"]
[EventRounds "6"]
[EventCountry "BRA"]
[SourceTitle "CBM 162 Extra"]
[Source "ChessBase"]
[SourceDate "2014.10.17"]
[SourceVersion "1"]
[SourceVersionDate "2014.10.17"]
[SourceQuality "1"]

1. d4 d5 2. c4 e6 3. Nc3 Nf6 4. cxd5 exd5 5. Bg5 Be7 6. e3 0-0 7. Bd3 c6 8. Nf3 Nbd7 9. 0-0 Re8 10. Rb1 Ng4 11. Bxe7 Qxe7 12. b4 a6 13. a4 Qd6 14. Bxh7+ Kxh7 15. Ng5+ Kg8 16. Qxg4 Nf6 17. Qg3 Qxg3 18. hxg3 Bf5 19. Rbc1 Ne4 20. Ngxe4 dxe4 21. d5 cxd5 22. Nxd5 Rad8 23. Rfd1 Be6 24. Nc7 Rxd1+ 25. Rxd1 Re7 26. Nxe6 Rxe6 27. Rd8+ Kh7 28. a5 b6 29. Rd5 b5 30. Kf1 Kg6 31. Ke2 f5 32. f3 Rf6 33. fxe4 Kg5 34. Rxf5+ Rxf5 35. exf5 Kxf5 36. Kd3 Ke5 37. g4 g5 38. g3 Kd5 39. e4+ 1-0

[Event "Sao Paulo Big Fun op"]
[Site "Sao Paulo"]
[Date "2014.09.26"]
[Round "2"]
[White "Felippe E Silva, Glenda"]
[Black "Brujin, Homero"]
[Result "1/2-1/2"]
[WhiteElo "1800"]
[BlackElo "1502"]
[PlyCount "39"]
[EventDate "2014.09.25"]
[EventType "swiss"]
[EventRounds "6"]
[EventCountry "BRA"]
[SourceTitle "CBM 162 Extra"]
[Source "ChessBase"]
[SourceDate "2014.10.17"]
[SourceVersion "1"]
[SourceVersionDate "2014.10.17"]
[SourceQuality "1"]

1. d4 d5 2. Nf3 e6 3. Bf4 Nf6 4. Nbd2 Be7 5. e3 0-0 6. Bd3 b6 7. 0-0 Bb7 8. c3 Nbd7 9. Re1 Ne4 10. Bc2 Ndf6 11. Ng5 Nxg5 12. Bxg5 h6 13. Bxf6 Bxf6 14. e4 Be7 15. e5 c5 16. Nf3 c4 17. b3 Ba6 18. Qe2 Qc7 19. Rad1 b5 20. b4 1/2-1/2

[Event "Sao Paulo Big Fun op"]
[Site "Sao Paulo"]
[Date "2014.09.25"]
[Round "1"]
[White "Sousa, Felipe Mazim De"]
[Black "Felippe E Silva, Glenda"]
[Result "1-0"]
[WhiteElo "1790"]
[BlackElo "1800"]
[PlyCount "27"]
[EventDate "2014.09.25"]
[EventType "swiss"]
[EventRounds "6"]
[EventCountry "BRA"]
[SourceTitle "CBM 162 Extra"]
[Source "ChessBase"]
[SourceDate "2014.10.17"]
[SourceVersion "1"]
[SourceVersionDate "2014.10.17"]
[SourceQuality "1"]

1. d4 d5 2. c4 e6 3. Nc3 Nf6 4. Bf4 Nbd7 5. Nf3 Be7 6. e3 0-0 7. Bd3 c5 8. 0-0 b6 9. h3 Ba6 10. Qe2 Rc8 11. cxd5 Nxd5 12. Nxd5 Bxd3 13. Nxe7+ Qxe7 14. Qxd3 1-0